The Cambridge companion to Deleuze /

"Gilles Deleuze (1925-1995) was an influential and provocative twentieth-century thinker who developed and presented an alternative to the image of thought found in traditional philosophy. This volume offers an extensive survey of Deleuze's philosophy by some of his most influential interp...

Full description

Bibliographic Details
Other Authors: Smith, Daniel W. (Daniel Warren), 1958-, Somers-Hall, Henry
Format: Book
Language:English
Published: Cambridge ; New York : Cambridge University Press, [2012]
Subjects:

MARC

Tag First Indicator Second Indicator Subfields
LEADER 00000cam a2200000 a 4500
001 in00002781323
005 20150922133740.0
008 120409s2012 enk b 001 0 eng
010 |a  2012013365 
020 |a 9781107002616 (hardback) 
020 |a 1107002613 (hardback) 
020 |a 9780521175715 (paperback) 
020 |a 0521175712 (paperback) 
035 |a (OCoLC)ocn793005842 
035 |a (OCoLC)793005842 
040 |a DLC  |b eng  |c DLC  |d ERASA  |d OCLCO  |d BDX  |d BTCTA  |d YDXCP  |d TXA  |d UtOrBLW 
042 |a pcc 
049 |a TXAM 
050 0 0 |a B2430.D454  |b C33 2012 
082 0 0 |a 194  |2 23 
084 |a PHI009000  |2 bisacsh 
245 0 4 |a The Cambridge companion to Deleuze /  |c edited by Daniel W. Smith and Henry Somers-Hall. 
264 1 |a Cambridge ;  |a New York :  |b Cambridge University Press,  |c [2012] 
264 4 |c ©2012 
300 |a xiii, 378 pages ;  |c 24 cm. 
336 |a text  |b txt  |2 rdacontent 
337 |a unmediated  |b n  |2 rdamedia 
338 |a volume  |b nc  |2 rdacarrier 
520 |a "Gilles Deleuze (1925-1995) was an influential and provocative twentieth-century thinker who developed and presented an alternative to the image of thought found in traditional philosophy. This volume offers an extensive survey of Deleuze's philosophy by some of his most influential interpreters. The essays give lucid accounts of the fundamental themes of his metaphysical work and its ethical and political implications. They clearly situate his thinking within the philosophical tradition, with detailed studies of his engagements with phenomenology, post-Kantianism and the sciences, and also his interventions in the arts. As well as offering new research on established areas of Deleuze scholarship, several essays address key themes that have not previously been given the attention they deserve in the English-speaking world"--  |c Provided by publisher. 
504 |a Includes bibliographical references and index. 
505 0 |a Introduction / Henry Somers-Hall -- Deleuze and the history of philosophy / Daniel W. Smith -- Difference and repetition / James Williams -- The Deleuzian reversal of Platonism / Miguel Beistegui -- Deleuze and Kant / Beth Lord -- Phenomenology and metaphysics, and chaos: on the fragility of the event in Deleuze / Leonard Lawlor -- Deleuze and structuralism / François Dosse -- Deleuze and Guattari: Guattareuze and Co. / Gary Genosko -- Nomadic ethics / Rosi Braidotti -- Deleuze's political philosophy / Paul Patton -- Deleuze, mathematics, and realist ontology / Manuel Delanda -- Deleuze and life / John Protevi -- Gilles Deleuze's aesthetics of sensation / Dorothea Olkowski -- Deleuze and literature / Ronald Bogue -- Deleuze and psychoanalysis / Eugene Holland -- Deleuze's philosophical heritage: unity, difference, and onto-theology / Henry Somers-Hall. 
600 1 0 |a Deleuze, Gilles,  |d 1925-1995. 
650 0 |a Philosophy, Modern  |y 20th century. 
650 7 |a PHILOSOPHY / History & Surveys / General.  |2 bisacsh 
700 1 |a Smith, Daniel W.  |q (Daniel Warren),  |d 1958- 
700 1 |a Somers-Hall, Henry. 
994 |a C0  |b TXA 
948 |a cataloged  |b h  |c 2012/11/29  |d c  |e nbehmer  |f 9:34:28 am 
999 |a MARS 
999 f f |s 266c89e0-46f4-3309-a6ec-9ea954bdb831  |i f8cbbbe3-88bb-326c-851f-d767f377d0a6  |t 0 
952 f f |p normal  |a Texas A&M University  |b College Station  |c Sterling C. Evans Library  |d Evans: Library Stacks  |t 0  |e B2430.D454 C33 2012  |h Library of Congress classification  |i unmediated -- volume  |m A14841625921 
998 f f |a B2430.D454 C33 2012  |t 0  |l Evans: Library Stacks